000 02407nam a22003737a 4500
001 100451
003 KnowledgeUnlatched
005 20210303105357.0
006 m o d
007 cr u||||||||||
008 210129p20132017mau o u00| u eng d
035 _a(OCoLC)982228281
037 _5BiblioBoard
245 0 4 _aThe Story of Barzu
_bAs Told by Two Storytellers from Boysun, Uzbekistan /
_cR. Rahmoni, G.R. van den Berg.
020 _a9789087282868
029 1 _ahttps://library.biblioboard.com/ext/api/media/4c48561e-1fe4-474b-a415-8b28bb5926f6/assets/thumbnail.jpg
040 _aScCtBLL
_cScCtBLL
506 0 _aAccess copy available to the general public.
_fUnrestricted
_2star
700 1 _aRahmoni, R.
_eeditor.
700 1 _avan den Berg, G.R.
_eeditor.
264 1 _bLeiden University Press,
300 _a1 online resource (146 p.)
520 _aThe ancient Persian storytelling tradition has survived until the present day among the Tajik villages in the Gissar mountains of Uzbekistan. This book explores the story of Barzu and demonstrates that the historical Transoxania, since the time of Alexander the Great, has always been a melting pot of diverse shared cultures. In the village of Pasurxi, near Boysun in the Surxandaryo region of contemporary Uzbekistan, a vivid oral tradition exists on the basis of stories from the Persian Book of Kings or ohnoma (Shahnama), composed more than a thousand years ago by the poet Firdavsi (Ferdowsi). These stories deal with the hero Barzu. The storytellers Jura Kamol and Mullo RavĂ­an composed two different versions of the story of Barzu in the Tajik as spoken in the Surxandaryo region. They used to tell their stories during evening gatherings in the village.
588 0 _aDescription based on print version record.
590 _aKU Select 2016 Backlist Collection
650 7 _aLiterary Criticism / Ancient & Classical
_2bisacsh
650 0 _aLiterature
_xHistory and criticism
655 0 _aElectronic books.
758 _iIs found in:
_aKnowledge Unlatched
_1https://openresearchlibrary.org/module/2774bc74-146a-484f-a7ba-ab1d6a09bbfb
856 4 0 _uhttps://openresearchlibrary.org/content/4c48561e-1fe4-474b-a415-8b28bb5926f6
_zView this content on Open Research Library.
_70
999 _c25181
_d25181